000 00879pam a2200265 a 4500
999 _c9973
_d9973
001 9973
003 BD-JhCC
005 20180403201810.0
008 180403s1985 nyua 001 0 eng
020 _a0025044508
035 _a(BD-JhCC)9973
040 _aDLC
_cDLC
_dDLC
_dBD-JhCC
041 _aeng
050 0 0 _aQL681
_b.A97 1985
082 0 0 _a598.2973
_219
_bAUD 1985
100 1 _aAudubon, John James,
_d1785-1851.
245 1 4 _aThe birds of America /
_cJohn James Audubon ; with a foreword by Robert McCracken Peck ; introduction and descriptive captions by William Vogt.
260 _aNew York :
_bMacmillan ;
_aLondon :
_bCollier Macmillan,
_cc1985.
300 _a435, xxviii p. :
_bill. (some col.) ;
_c32 cm.
500 _aIncludes index.
650 0 _aBirds
_zNorth America
_xPictorial works.
700 1 _aVogt, William,
_d1902-
942 _2ddc
_cREF